My fellow Americans : (Record no. 1094)

000 -LEADER
fixed length control field 01779nam a22003977a 4500
001 - CONTROL NUMBER
control field 13137835
003 - CONTROL NUMBER IDENTIFIER
control field OSt
005 - DATE AND TIME OF LATEST TRANSACTION
control field 20210426124738.0
008 - FIXED-LENGTH DATA ELEMENTS--GENERAL INFORMATION
fixed length control field 030326s2003 ilua b 000 0 eng
010 ## - LIBRARY OF CONGRESS CONTROL NUMBER
LC control number 2003006879
020 ## - INTERNATIONAL STANDARD BOOK NUMBER
International Standard Book Number 1402200277 (alk. paper)
040 ## - CATALOGING SOURCE
Original cataloging agency DLC
Transcribing agency DLC
Modifying agency DLC
Language of cataloging eng
041 ## - LANGUAGE CODE
Language code of text/sound track or separate title eng
043 ## - GEOGRAPHIC AREA CODE
Geographic area code n-us---
050 00 - LIBRARY OF CONGRESS CALL NUMBER
Classification number J81.4
Item number .M93 2003
080 ## - UNIVERSAL DECIMAL CLASSIFICATION NUMBER
Universal Decimal Classification number 94
Item number W-18
082 00 - DEWEY DECIMAL CLASSIFICATION NUMBER
Classification number 352.23/8/0973
Edition number 21
100 ## - MAIN ENTRY--PERSONAL NAME
9 (RLIN) 750
Personal name Waldman, Michael
245 00 - TITLE STATEMENT
Title My fellow Americans :
Remainder of title the most important speeches of America's presidents, from George Washington to George W. Bush /
Statement of responsibility, etc. [compiled] by Michael Waldman ; cds narrated by George Stephanopoulos ; [foreword by David Gergen].
Medium / by: Sourcebooks MediaFusion
250 ## - EDITION STATEMENT
Edition statement 1st edition
260 ## - PUBLICATION, DISTRIBUTION, ETC.
Place of publication, distribution, etc. Naperville, Ill. :
Name of publisher, distributor, etc. Sourcebooks MediaFusion
Date of publication, distribution, etc. 2003.
300 ## - PHYSICAL DESCRIPTION
Extent xiii, 337 p.
Other physical details ill. ;
Dimensions 28 cm. +
Accompanying material 2 sound discs (digital ; 4 3/4 in.)
504 ## - BIBLIOGRAPHY, ETC. NOTE
Bibliography, etc. note Includes bibliographical references.
650 #0 - SUBJECT ADDED ENTRY--TOPICAL TERM
Topical term or geographic name entry element Presidents
Geographic subdivision United States
Form subdivision Messages.
650 #0 - SUBJECT ADDED ENTRY--TOPICAL TERM
Topical term or geographic name entry element Political oratory
Geographic subdivision United States.
650 #0 - SUBJECT ADDED ENTRY--TOPICAL TERM
Topical term or geographic name entry element History
9 (RLIN) 252
651 #0 - SUBJECT ADDED ENTRY--GEOGRAPHIC NAME
Geographic name United States
General subdivision Politics and government.
653 ## - INDEX TERM--UNCONTROLLED
Uncontrolled term ისტორია
653 ## - INDEX TERM--UNCONTROLLED
Uncontrolled term ამერიკის შეერთებული შტატების პრეზიდენტები
700 1# - ADDED ENTRY--PERSONAL NAME
Personal name Waldman, Michael,
Dates associated with a name 1960-
700 1# - ADDED ENTRY--PERSONAL NAME
Personal name Stephanopoulos, George,
Dates associated with a name 1961-
856 41 - ELECTRONIC LOCATION AND ACCESS
Materials specified Table of contents
Uniform Resource Identifier <a href="http://www.loc.gov/catdir/toc/ecip041/2003006879.html">http://www.loc.gov/catdir/toc/ecip041/2003006879.html</a>
906 ## - LOCAL DATA ELEMENT F, LDF (RLIN)
a 7
b cbc
c orignew
d 1
e ecip
f 20
g y-gencatlg
942 ## - ADDED ENTRY ELEMENTS (KOHA)
Source of classification or shelving scheme
Koha item type Books
Edition 1
Holdings
Withdrawn status Lost status Source of classification or shelving scheme Damaged status Not for loan Permanent location Current location Date acquired Inventory number Total Checkouts Full call number Barcode Date last seen Price effective from Koha item type
          Ken Walker International University Ken Walker International University 02/01/2021 2567   94 W-18 2567 02/01/2021 02/01/2021 Books

Powered by Koha